Atomic radiation and life / (Record no. 12388)
[ view plain ]
| 000 -LEADER | |
|---|---|
| fixed length control field | 00861cam a22002771 4500 |
| 001 - CONTROL NUMBER | |
| control field | 12388 |
| 003 - CONTROL NUMBER IDENTIFIER | |
| rucl marc code | BD-RjUL |
| 005 - DATE AND TIME OF LATEST TRANSACTION | |
| control field | 20211208235302.0 |
| 008 - FIXED-LENGTH DATA ELEMENTS--GENERAL INFORMATION | |
| fixed length control field | 140128r19591957enka 001 0 eng |
| 035 ## - SYSTEM CONTROL NUMBER | |
| System control number | (BD-RjUL)12437 |
| System control number | (OCoLC)2642773 |
| 040 ## - CATALOGING SOURCE | |
| Original cataloging agency | DLC |
| Transcribing agency | MeB |
| Modifying agency | InU-D |
| -- | Uk |
| -- | DLC |
| -- | BD-RjUL |
| Language of cataloging | eng |
| 041 ## - LANGUAGE CODE | |
| Language code of text/sound track or separate title | eng |
| 082 00 - DEWEY DECIMAL CLASSIFICATION NUMBER | |
| Classification number | 612.01448 |
| Edition number | 16 |
| Author mark and year | ALA 1959 |
| 100 1# - MAIN ENTRY--PERSONAL NAME | |
| Personal name | Alexander, Peter, |
| Dates associated with a name | 1922- |
| 9 (RLIN) | 36287 |
| 245 10 - TITLE STATEMENT | |
| Title | Atomic radiation and life / |
| Statement of responsibility, etc. | Peter Alexander. |
| 260 ## - PUBLICATION, DISTRIBUTION, ETC. (IMPRINT) | |
| Place of publication, distribution, etc. | Harmondsworth ; |
| -- | Middlesex : |
| Name of publisher, distributor, etc. | Penguin Books |
| Date of publication, distribution, etc. | 1957 [reprinted 1959]. |
| 300 ## - PHYSICAL DESCRIPTION | |
| Pagination | 239 p. : |
| Illustrations | illus. ; |
| Size | 19 cm. |
| 490 0# - SERIES STATEMENT | |
| Series statement | Pelican books, |
| Volume/sequential designation | A399 |
| 504 ## - BIBLIOGRAPHY, ETC. NOTE | |
| Bibliography, etc | Includes bibliographical reference and index. |
| 650 #0 - SUBJECT ADDED ENTRY--TOPICAL TERM | |
| Topical term or geographic name as entry element | Radioactivity |
| General subdivision | Physiological effect |
| 9 (RLIN) | 38465 |
| Topical term or geographic name as entry element | Radiobiology |
| 9 (RLIN) | 38466 |
| 942 ## - ADDED ENTRY ELEMENTS (KOHA) | |
| Source of classification or shelving scheme | Dewey Decimal Classification |
| Koha item type | Books |
| Lost status | Source of classification or shelving scheme | Damaged status | Not for loan | Collection code | Permanent Location | Current Location | Shelving location | Date acquired | Source of acquisition | Total Checkouts | Full call number | Date last seen | Copy number | Koha item type |
|---|---|---|---|---|---|---|---|---|---|---|---|---|---|---|
| Dewey Decimal Classification | Not For Loan | Non-fiction | Central Library, University of Rajshahi | Central Library, University of Rajshahi | Reading Room | 14/05/1963 | Asia Foundation | 612.01448 ALA 1959 | 28/01/2014 | C-1 | Books |